000 00307nam a22001337a 4500
008 181010b xxu||||| |||| 00| 0 eng d
020 _a047115797-X
041 _aeng
080 _a371
100 _a25
101 _aEDU
245 _aHandbook of Behavioral of Assessment
_cCiminero,A.R
942 _2udc
_cBK
999 _c49265
_d49265